书目信息 |
| 题名: |
测量学
|
|
| 作者: | 李玉宝 主编 | |
| 分册: | ||
| 出版信息: | 成都 西南交通大学出版社 2006.08 |
|
| 页数: | 293页 | |
| 开本: | 26cm | |
| 丛书名: | ||
| 单 册: | ||
| 中图分类: | P2 | |
| 科图分类: | ||
| 主题词: | 测量学--ce liang xue | |
| 电子资源: | ||
| ISBN: | 7-81104-370-X | |
| 000 | 00792nam0 2200241 450 | |
| 001 | 012008789807 | |
| 005 | 20080508162035.98 | |
| 010 | @a7-81104-370-X@dCNY28.50 | |
| 100 | @a20080508d2006 em y0chiy0120 ea | |
| 101 | 0 | @achi |
| 102 | @aCN@b510000 | |
| 105 | @aa a 000yy | |
| 106 | @ar | |
| 200 | 1 | @a测量学@Ace liang xue@f李玉宝主编@Fli yu bao zhu bian |
| 210 | @a成都@c西南交通大学出版社@d2006.08 | |
| 215 | @a293页@c图@d26cm | |
| 320 | @a有书目 (第293页) | |
| 330 | @a本书系统介绍了测量学的基本概念、理论、技术与方法,侧重当前技术条件下的工程应用。全书分12章,内容包括角度、长度、高差测量,测量误差基础理论,工程控制等。 | |
| 606 | 0 | @a测量学@Ace liang xue |
| 690 | @aP2@v4 | |
| 701 | 0 | @a李玉宝@Ali yu bao@4主编 |
| 801 | 0 | @aCN@bQSSK@c20080508 |
| 905 | @b708508@dP2@eL320@f1 | |
| 测量学/李玉宝主编.-成都:西南交通大学出版社,2006.08 |
| 293页:图;26cm |
| ISBN 7-81104-370-X:CNY28.50 |
| 本书系统介绍了测量学的基本概念、理论、技术与方法,侧重当前技术条件下的工程应用。全书分12章,内容包括角度、长度、高差测量,测量误差基础理论,工程控制等。 |
| ● |
| 相关链接 |
|
|
|
正题名:测量学
索取号:P2/L320
 
预约/预借
| 序号 | 登录号 | 条形码 | 馆藏地/架位号 | 状态 | 备注 |
| 1 | 708508 | 207085081 | 自科库401/401自科库 112排2列5层/ [索取号:P2/L320] | 在馆 |